000 00280nam a2200109Ia 4500
008 220120s9999||||xx |||||||||||||| ||und||
100 _aMajumder, Dighe
245 0 _aAge of imperial insurjency
260 _aBVB Publications
_bMandya
_c2009
300 _b0
650 _aGENERAL BOOKS
999 _c136927
_d136927